000 00691nam a2200241Ia 4500
003 OSt
005 20220918200326.0
006 a|||||r|||| 00| 0
007 ta
008 220917b |||||||| |||| 00| 0 eng d
024 _a88,297
037 _cTextual
040 _aARTS
_cARTS
_beng
041 _2eng
_aeng
082 _aU115.3aM70<-J79, L7
100 _aChubb Thomas
_993557
245 0 _aPrinted maps in the Atlases of great Britain and ireland
_b a bibliography 1579-1870
260 _aLondon
_bDawson
_c1977
300 _axvii,479p.
_ccm.
650 _aGEOGRAPHY
942 _hU115.3aM70<-J79, L7
_cTEXL
_2CC
999 _c211986
_d211986